Top 50 Countries by Oil Production - Statistics

General Stats
  • This quiz has been taken 1,516 times
  • The average score is 40 of 50
Answer Stats
Rank Oil (bbl/day) Answer % Correct
#1 10,520,000 Saudi Arabia
99%
#3 9,688,000 United States
99%
#6 3,483,000 Canada
98%
#2 10,270,000 Russia
98%
#5 4,073,000 China
97%
#4 4,252,000 Iran
97%
#9 2,642,000 Iraq
96%
#20 1,393,000 United Kingdom
96%
#7 2,983,000 Mexico
95%
#13 2,301,000 Brazil
93%
#23 954,000 India
93%
#12 2,375,000 Venezuela
93%
#8 2,813,000 United Arab Emirates
92%
#19 1,437,000 Qatar
91%
#28 662,600 Egypt
90%
#14 2,134,000 Norway
90%
#24 867,900 Oman
90%
#15 2,078,000 Algeria
89%
#29 549,200 Australia
89%
#22 1,030,000 Indonesia
89%
#11 2,450,000 Kuwait
89%
#26 763,600 Argentina
87%
#17 1,789,000 Libya
87%
#25 800,100 Colombia
86%
#47 131,800 Japan
86%
#10 2,458,000 Nigeria
86%
#37 258,800 Yemen
86%
#18 1,608,000 Kazakhstan
81%
#33 401,000 Syria
80%
#41 192,100 South Africa
79%
#43 152,700 Peru
78%
#45 147,200 Germany
77%
#30 514,300 Sudan
77%
#27 716,000 Malaysia
76%
#36 302,200 Republic of Congo
76%
#44 151,800 Italy
74%
#16 1,988,000 Angola
73%
#32 406,800 Thailand
72%
#31 500,000 Ecuador
71%
#35 305,000 Vietnam
71%
#40 216,000 Turkmenistan
67%
#21 1,041,000 Azerbaijan
63%
#48 126,200 Chad
62%
#38 234,100 Denmark
60%
#42 159,400 Brunei
50%
#49 107,100 Romania
49%
#39 227,900 Gabon
47%
#34 322,700 Equatorial Guinea
41%
#46 144,900 Trinidad and Tobago
26%
#50 87,500 East Timor
22%
No matching quizzes found
Score Distribution
Percent of People with Each Score
Percentile by Number Answered
Your Score History
You have not taken this quiz